Handbook on offences and punishments / (Record no. 56625)

MARC details
000 -LEADER
fixed length control field 00900nam a22002537a 4500
005 - DATE AND TIME OF LATEST TRANSACTION
control field 20110908145123.0
008 - FIXED-LENGTH DATA ELEMENTS--GENERAL INFORMATION
fixed length control field 110908t xxu||||| |||| 00| 0 eng d
010 ## - LCCN (DPL NO)
LC control number ENG-103794
020 ## - INTERNATIONAL STANDARD BOOK NUMBER
Terms of availability 995.00
International Standard Book Number 9788180387036
035 ## - SYSTEM CONTROL NUMBER
System control number EN-87327
037 ## - SOURCE OF ACQUISITION
Source of stock number/acquisition DBAD/PUB
040 ## - CATALOGING SOURCE
Original cataloging agency DPL
Language of cataloging Eng
082 ## - DEWEY DECIMAL CLASSIFICATION NUMBER
Classification number 345.025
100 1# - MAIN ENTRY--PERSONAL NAME
Personal name Rashid, M.A.
9 (RLIN) 34669
245 14 - TITLE STATEMENT
Title Handbook on offences and punishments /
Statement of responsibility, etc by M.A.Rashid
250 ## - EDITION STATEMENT
Edition statement 2nd ed
260 ## - PUBLICATION, DISTRIBUTION, ETC. (IMPRINT)
Place of publication, distribution, etc Gurgaon
Name of publisher, distributor, etc Lexis Nexis Butterworths
Date of publication, distribution, etc 2011
270 ## - ADDRESS
Address 14th floor,Building No-10, Tower-B,DLF Cyber City Phase-11
City Gurgaon
Postal code 122002
Telephone number 0124-4774444
Fax number 91-124-4774100
300 ## - PHYSICAL DESCRIPTION
Extent xx,801p.
Dimensions 24cm (Hb)
650 #0 - SUBJECT ADDED ENTRY--TOPICAL TERM
9 (RLIN) 34671
700 ## - ADDED ENTRY--PERSONAL NAME
9 (RLIN) 34736
942 ## - ADDED ENTRY ELEMENTS (KOHA)
Source of classification or shelving scheme Dewey Decimal Classification
Item type English Books
Call number suffix RAS
Classification part 345.025
Holdings
Withdrawn status Lost status Source of classification or shelving scheme Damaged status Not for loan Collection code Home library Current library Date acquired Source of acquisition Cost, normal purchase price Total Checkouts Full call number Barcode Date last seen Copy number Cost, replacement price Koha item type
    Dewey Decimal Classification     Non-fiction D.B.Act.Division D.B.Act.Division 15/09/2011 DBAD/PUB 995.00   345.025 RAS EN-87327 15/09/2011 1 995.00 English Books

© Delhi Public Library
Hit Counter
free hit counter